000 01303nam a2200325 a 4500
001 ebr10675121
003 CaPaEBR
006 m u
007 cr cn|||||||||
008 080819s2009 nyuab sb 001 0 eng d
010 _z 2008036562
020 _z9781606921890 (hardcover)
020 _z1606921894 (hardcover)
020 _z9781617281914 (e-book)
040 _aCaPaEBR
_cCaPaEBR
035 _a(OCoLC)659560943
050 1 4 _aHN49.C6
_bC6526 2009eb
082 0 4 _a307.1/4
_222
245 0 0 _aCommunity participation and empowerment
_h[electronic resource] /
_cMildred F. Hindsworth and Trevor B. Lang, editors.
260 _aNew York :
_bNova Science Publishers,
_cc2009.
300 _axv, 435 p. :
_bill. (some col.), col. maps.
504 _aIncludes bibliographical references and index.
533 _aElectronic reproduction.
_bPalo Alto, Calif. :
_cebrary,
_d2013.
_nAvailable via World Wide Web.
_nAccess may be limited to ebrary affiliated libraries.
650 0 _aCommunity development
_vCase studies.
655 7 _aElectronic books.
_2local
700 1 _aHindsworth, Mildred F.
700 1 _aLang, Trevor B.
710 2 _aebrary, Inc.
856 4 0 _uhttp://site.ebrary.com/lib/rucke/Doc?id=10675121
_zAn electronic book accessible through the World Wide Web; click to view
999 _c57430
_d57430